000 00647nam a22002177a 4500
003 UA-OsUOA
001 58643
007 ta
008 20090217b un ||||| |||| 00| 0 ukr d
100 _aБерєзін І.С.
090 _a330
_bБ48
942 _cSA
040 _aUA-OsUOA
_bukr
_cUA-OsUOA
_dUA-OsUOA
245 _aСередній бізнес Росії: Якісні характеристики та кількісні оцінки
300 _aС.60-64
955 _a0
041 _aukr
080 _a330
773 0 _w58639
_tМаркетинг в Україні
_dК.
_d2008
_g6
650 7 _a330 Економіка взагалі
_2UDC
999 _c344885
_d344885